| 000 | 00485cam a2200205ua 4500 | ||
|---|---|---|---|
| 001 | 7989 | ||
| 008 | 150103n ii |||gr||||Z||||||asm | ||
| 020 | _a97893817840705 | ||
| 040 | _cMAIN | ||
| 041 | _aasm | ||
| 082 | _a370 | ||
| 100 |
_aSaikia, T., _eAuthor. |
||
| 245 | 1 |
_aUcchattar madhyamik siksha _cBy Tarun Saikia |
|
| 250 | _a10th. | ||
| 260 |
_aJorhat: _bBidya bhawan, _c2014. |
||
| 300 | _a348p. | ||
| 653 | _aEducation | ||
| 700 |
_aSaikia, R. B., _eAuthor. |
||
| 942 | _cBK | ||
| 999 |
_c7108 _d7108 |
||